000 00854nam a22002771i 4500
001 142221
003 ES-MaACL
005 20240510122853.0
007 t|
008 071003s1977 sp ||||0| spa d
016 7 _zIND2000946705
020 _a84-01-81028-0
040 _aM-BN
_bspa
_cCDM
080 _a839.7-14"19"
100 1 _aWine, Maria.
_9117072
245 1 0 _aAntología /
_c[por] María Wine ; versión [del sueco] de Justo Jorge Padrón.
260 _aBarcelona :
_bPlaza & Janés,
_c1977.
300 _a220 p. ;
_c19 cm.
490 1 _aSelecciones de poesía universal
504 _aBibliografía: p. 211-214.
700 1 _aJorge Padrón, Justo,
_d1943-2021
_988209
830 0 _aSelecciones de poesía universal
_9187178
852 _aES-MaACL
_jA-6385
_bR.95499
999 _c142221
_d142221